Sabrina Carpenter - Paroles Read your Mind - Statistiques

Statistiques générales
  • Ce quiz a été pris 21 fois
    20 depuis la dernière actualisation
  • Le résultat moyen est 306 sur 400
Statistiques - réponses
Hint Réponse % Correct
a
93%
(ah)
93%
ah
93%
and
93%
be
93%
can't
93%
I
93%
me
93%
me,
93%
mind
93%
need
93%
read
93%
to
93%
To
93%
when
93%
When
93%
you
93%
You
93%
your
93%
but
86%
But
86%
Oh,
86%
Say
86%
say
86%
that
86%
the
86%
(the
86%
want
86%
(want
86%
at
79%
day
79%
have
79%
in
79%
In
79%
it
79%
it?
79%
my
79%
(my
79%
night
79%
Tell
79%
all
71%
alone
71%
baby,
71%
call
71%
call)
71%
Don't
71%
friend
71%
friend)
71%
know
71%
never
71%
on
71%
told
71%
we
71%
were
71%
why,
71%
Why
71%
(why)
71%
You're
71%
(you're
71%
crossin'
64%
I'm
64%
it's
64%
life
64%
line
64%
not
64%
not)
64%
really
64%
'cause
57%
clear
57%
close
57%
Finally
57%
I'll
57%
just
57%
like
57%
lonely
57%
Couplet 1 Made
57%
might
57%
mine?
57%
our
57%
time
57%
(time)
57%
wanna
57%
Wastin'
57%
way
57%
beck
50%
changed
50%
could
50%
easy
50%
face,
50%
found
50%
fuss
50%
fuss)
50%
got
50%
Got
50%
gotta
50%
if
50%
laughin'
50%
live
50%
look
50%
make
50%
miss
50%
reality
50%
room,
50%
So
50%
stressin',
50%
tension
50%
casual
43%
Pré-refrain Double
43%
feelin'
43%
gonna
43%
happen
43%
hard,
43%
think
43%
(think)
43%
up
43%
what's
43%
checkin',
36%
Pré-refrain Decompressin',
36%
did
36%
sneak
36%
tryin'
36%
tryna
36%
ease
29%
get
29%
guessin'
29%
message
29%
(yeah)
29%
intended?
21%
second
21%
Aucun quiz correspondant
Distribution des résultats
% des personnes avec chaque résultat
Percentile par nombre de réponses
Votre historique - résultats
Vous n’avez pas pris ce quiz depuis la dernière actualisation